<?xml version="1.0" encoding="UTF-8"?>
<record
    xmlns:xsi="http://www.w3.org/2001/XMLSchema-instance"
    xsi:schemaLocation="http://www.loc.gov/MARC21/slim http://www.loc.gov/standards/marcxml/schema/MARC21slim.xsd"
    xmlns="http://www.loc.gov/MARC21/slim">

  <leader>02510nam a2200361 i 4500</leader>
  <controlfield tag="003">DO-SdBPM</controlfield>
  <controlfield tag="005">20251017130929.0</controlfield>
  <controlfield tag="007">ta</controlfield>
  <controlfield tag="008">250520b2024    dr ac| ||| 00| 0 spa d</controlfield>
  <datafield tag="020" ind1=" " ind2=" ">
    <subfield code="a">9789945510805</subfield>
  </datafield>
  <datafield tag="040" ind1=" " ind2=" ">
    <subfield code="a">DO-SdBPM</subfield>
    <subfield code="b">spa</subfield>
    <subfield code="c">BPMSU </subfield>
    <subfield code="e">rda</subfield>
    <subfield code="d"> </subfield>
  </datafield>
  <datafield tag="041" ind1=" " ind2=" ">
    <subfield code="a">spa</subfield>
  </datafield>
  <datafield tag="082" ind1=" " ind2="4">
    <subfield code="a">928</subfield>
    <subfield code="b">B957t  2024</subfield>
    <subfield code="2">22</subfield>
  </datafield>
  <datafield tag="245" ind1="1" ind2="3">
    <subfield code="a">La tristeza sin fin de ser poeta /</subfield>
    <subfield code="c">selecci&#xF3;n de textos y presentaci&#xF3;n de Chiqui Vicioso ; correcci&#xF3;n, Mar&#xED;a del Carmen Vicente</subfield>
  </datafield>
  <datafield tag="250" ind1=" " ind2=" ">
    <subfield code="a">Segunda edici&#xF3;n corregida</subfield>
  </datafield>
  <datafield tag="264" ind1=" " ind2="4">
    <subfield code="a">Santo Domingo :</subfield>
    <subfield code="b">Ministerio de Cultura,</subfield>
    <subfield code="b">Editora Nacional,</subfield>
    <subfield code="c">&#xA9;2024.</subfield>
  </datafield>
  <datafield tag="300" ind1=" " ind2=" ">
    <subfield code="a">258 p&#xE1;ginas :</subfield>
    <subfield code="b">ilustraciones, retratos ;</subfield>
    <subfield code="c">23 cm.</subfield>
  </datafield>
  <datafield tag="336" ind1=" " ind2=" ">
    <subfield code="a">texto</subfield>
    <subfield code="b">txt</subfield>
    <subfield code="2">rdacontent</subfield>
  </datafield>
  <datafield tag="337" ind1=" " ind2=" ">
    <subfield code="a">sin mediaci&#xF3;n</subfield>
    <subfield code="b">n</subfield>
    <subfield code="2">rdamedia</subfield>
  </datafield>
  <datafield tag="338" ind1=" " ind2=" ">
    <subfield code="a">volumen</subfield>
    <subfield code="b">nc</subfield>
    <subfield code="2">rdacarrier</subfield>
  </datafield>
  <datafield tag="500" ind1=" " ind2=" ">
    <subfield code="a">Incluye referencias bibliogr&#xE1;ficas y notas al pie de las p&#xE1;ginas</subfield>
  </datafield>
  <datafield tag="504" ind1=" " ind2=" ">
    <subfield code="a">Bibliograf&#xED;a : p&#xE1;ginas 179-183</subfield>
  </datafield>
  <datafield tag="505" ind1="0" ind2=" ">
    <subfield code="a"> Presentaci&#xF3;n, 11 -- Belkis-Julia, 13 -- Julia de Burgos: la nuestra / Chiqui Vicioso, 21 -- Julia de Burgos: escritora medi&#xE1;tica y pol&#xED;tica / Carmen Centeno A&#xF1;eses, 35 -- Los sonidos del alma y el mar de Julia de Burgos y Silvia Rexach / Alinaluz Santiago, 51 -- Indomable alma Juliana: evoluci&#xF3;n de un enigma fluido / Jos&#xE9; Manuel S&#xE1;nchez-Darro, 65 -- Julia de Burgos en Cuba, Cuba en Julia de Burgos / Yolanda Ricardo, 81 -- Pongamos en su sitio a Julia de Burgos / &#xC1;urea Mar&#xED;a Sotomayor, 109 -- Julia de Burgos en Nueva York; miradas de vida / Vivian Auffant V&#xE1;zquez, 131 -- Julia de Burgos: ciudadana caribe&#xF1;a y hermana en la di&#xE1;spora / Daisy Cocco de Filippis, 155 -- La construcci&#xF3;n de la subjetividad en las cartas de Julia de Burgos a su hermana Consuelo / Grisselle Merced Hern&#xE1;ndez, 171 -- Julia de Burgos: sin puerto abierto / Ivette Lopez Jim&#xE9;nez, 187 -- Hermanadas sigilosas / Jos&#xE9; Manuel S&#xE1;nchez-Darro, 203 -- Ap&#xE9;ndices, 239 -- Entrevista a Juan Isidro Jimenes Grull&#xF3;n, el rival de &#xAB;R&#xED;o Grande de Lo&#xED;za&#xBB; / Chiqui Vicioso, 239 -- Entrevista a Juan Bosch sobre Julia de Burgos / Chiqui Vicioso, 251.</subfield>
  </datafield>
  <datafield tag="590" ind1=" " ind2=" ">
    <subfield code="a">Inventariado, 2025/VM</subfield>
  </datafield>
  <datafield tag="600" ind1="1" ind2="7">
    <subfield code="a">Burgos, Julia de </subfield>
    <subfield code="d">1914-1953</subfield>
    <subfield code="x">Cr&#xED;tica e interpretaci&#xF3;n</subfield>
  </datafield>
  <datafield tag="600" ind1="1" ind2="7">
    <subfield code="a">Burgos, Julia de </subfield>
    <subfield code="d">1914-1953</subfield>
    <subfield code="v">Homenajes</subfield>
  </datafield>
  <datafield tag="650" ind1=" " ind2="7">
    <subfield code="a">Poes&#xED;a puertorrique&#xF1;a </subfield>
    <subfield code="x">Historia y cr&#xED;tica</subfield>
  </datafield>
  <datafield tag="650" ind1=" " ind2="7">
    <subfield code="a">Poetas puertorrique&#xF1;as </subfield>
  </datafield>
  <datafield tag="700" ind1="1" ind2=" ">
    <subfield code="a">Vicioso, Chiqui,</subfield>
    <subfield code="e">selecci&#xF3;n</subfield>
    <subfield code="4">sel.</subfield>
  </datafield>
  <datafield tag="700" ind1="1" ind2=" ">
    <subfield code="a">Vicente, Mar&#xED;a del Carmen,</subfield>
    <subfield code="e">corrector</subfield>
    <subfield code="4">corr.</subfield>
  </datafield>
  <datafield tag="910" ind1=" " ind2=" ">
    <subfield code="a">VMateo V. Control de calidad. BPMSU </subfield>
  </datafield>
  <datafield tag="942" ind1=" " ind2=" ">
    <subfield code="2">ddc</subfield>
    <subfield code="c">BK</subfield>
  </datafield>
  <datafield tag="952" ind1=" " ind2=" ">
    <subfield code="0">0</subfield>
    <subfield code="1">0</subfield>
    <subfield code="2">ddc</subfield>
    <subfield code="7">0</subfield>
    <subfield code="8">CD</subfield>
    <subfield code="a">BPMET</subfield>
    <subfield code="b">BPMET</subfield>
    <subfield code="d">2025-10-17</subfield>
    <subfield code="l">0</subfield>
    <subfield code="o">BPMSU CD 928 B957t  2024</subfield>
    <subfield code="p">BPMSU25100072</subfield>
    <subfield code="r">2025-10-17</subfield>
    <subfield code="w">2025-10-17</subfield>
    <subfield code="y">BK</subfield>
  </datafield>
  <datafield tag="999" ind1=" " ind2=" ">
    <subfield code="c">15462</subfield>
    <subfield code="d">15462</subfield>
  </datafield>
</record>
